• 首页
  • 本馆介绍
  • 公告通知
  • 最新文献
  • 馆藏检索
  • 电子资源
  • 读者导购
  • 参考咨询
  • 我的图书馆
  • 登录
  • 详细信息显示
  • 放入我的书架
  • 预约/预借图书
  • 作者相关作品
  • 分类相关作品
  • 丛书相关作品
  • 出版社相关作品

书目信息

  • 表格格式
  • 工作单格式
  • 卡片格式
题名:
中国近代史教程
    
 
作者: 郭豫明 主编
分册:  
出版信息: 上海   华东师范大学出版社  1997
页数: 601页
开本: 19cm
丛书名:
单 册:
中图分类: K25
科图分类: 22.27
主题词: 近代史-中国--高等学校--教材
电子资源:
ISBN: 7-5617-1071-2
000 00680nam0 2200241 45
001 0198004512
005 20070614144423.28
010    @a7-5617-1071-2@dCNY26.00
100    @a19980112d1997 em y0chiy0121 ea
101 0  @achi
102    @aCN@b310000
105    @af z 000yy
200 10 @a中国近代史教程@Azhong guo jin dai shi jiao cheng@f郭豫明主编
205    @a2版(增订本)
210    @a上海@c华东师范大学出版社@d1997
215    @a601页@c图@d19cm
606    @a近代史-中国@x高等学校@x教材
607    @a中国-近代史@x高等学校@x教材
690    @aK25@v3
692    @a22.27@v2
701  0 @a郭豫明@Aguo yu ming@4主编
801  0 @aCN@bTSSF@c20070614
905    @a10447@dK25@e162=2
    
    中国近代史教程/郭豫明主编.-2版(增订本).-上海:华东师范大学出版社,1997
    601页:图;19cm
    
    
    ISBN 7-5617-1071-2:CNY26.00
    
●
相关链接 在E读中查询图书 在五车中查询图书 在当当中查询图书 在豆瓣中查询图书


正题名:中国近代史教程     索取号:K25/162=2         预约/预借

序号 登录号 条形码 馆藏地/架位号 状态 备注
1 0645205   206452051   库房3/ [索取号:K25/162=2] 在馆    
唐山师范学院图书馆 欢迎您!
大连网信软件有限公司© 版权所有